000 00870pam a2200217 a 4500
005 20250929061818.0
020 _a0195686160
_cTZS22,610/=
040 _aMCCL
_beng.
_eAACR 2nd rev. ed.
082 0 0 _a338.5 SAL
100 1 _aSalvatore, Dominick
245 1 0 _aMicroeconomics : theory and applications
_c/ Salvatore Dominick
250 _a4th ed.
260 _aNew York. :
_bOxford University Press
_cc2002.
300 _axli, 724 p. :
_bsome col.ill. ;
_c24 cm.
504 _aIncludes bibliographies and index.
520 _aFully revised and expanded in this fourth edition, Microeconomics: Theory and Applications presents all the standard of traditional microeconomic theory while offering a modern approach that reflects the many recent developments in the field.
546 _aeng.
650 0 _aMicroeconomics.
700 _aDominick Salvatore
942 _cBK
999 _c11316
_d11316